[Event "AUT-chT2S 9798"]
[Site "Austria"]
[Date "1997.10.05"]
[Round "2"]
[White "Bonstingl, Georg"]
[Black "Wegerer, Fred"]
[Result "0-1"]
[WhiteElo "2235"]
[BlackElo "2235"]

1.d4 g6 2.e4 Bg7 3.Nc3 c6 4.Bc4 Nh6 5.Be3 O-O 6.f3 d5 7.exd5 Nf5 8.Bf2 cxd5
9.Bxd5 e6 10.Be4 Nxd4 11.Qd2 Nbc6 12.O-O-O e5 13.Kb1 Be6 14.Nge2 Qa5 15.Bxc6 Nxe2
16.Qxe2 bxc6 17.Qe4 Rab8 18.Be1 Qa3 19.b3 Rb4 20.Qe3 e4 21.Qc1 Qa6 22.fxe4 Rfb8
23.h4 c5 24.Qg5 Rd4 25.Rxd4 cxd4 26.Nd5 d3 27.c3 Qa3 28.Qd2 f5 29.Qxd3 fxe4
30.Qg3 Rxb3+ 31.axb3 Qxb3+ 32.Kc1 Bxd5 33.Qg5 Qa3+ 34.Kd1 Bb3+ 35.Ke2 Qa6+
36.Kf2 Qb6+ 37.Kg3 Qd6+ 38.Kh3 Be6+ 39.g4 Qd3+ 40.Bg3 h5 41.Rg1 Bxg4+ 42.Kh2 Bf3
43.Bf2 Qe2 44.Kg3 Bg4 45.Qe3 Be5+ 46.Kg2 Bf3+ 47.Kh3 Qa6 48.Bg3 Qe6+  0-1

[Event "AUT-chT3 9798"]
[Site "Vorarlberg "]
[Date "1997.10.17"]
[Round "2"]
[White "Tschohl, Christof"]
[Black "Heilinger, Dietmar"]
[Result "1/2-1/2"]
[WhiteElo "2125"]
[BlackElo "2200"]

1.e4 g6 2.d4 Bg7 3.Nc3 c6 4.Be3 d5 5.exd5 cxd5 6.Nf3 Bg4 7.Be2 Nc6 8.O-O e6
9.h3 Bxf3 10.Bxf3 Nge7 11.Ne2 Nf5 12.c3 Nh4 13.Nf4 Nxf3+ 14.Qxf3 O-O 15.Nd3 Rc8
16.Qg4 h6 17.h4 h5 18.Qh3 Bf6 19.g4 hxg4 20.Qxg4 Bxh4 21.Kg2 Kg7 22.Rh1 Rh8
23.Rh3 f5 24.Qe2 g5 25.Rah1 Qf6 26.Nc5 b6 27.Bxg5 Qxg5+ 28.Rg3 bxc5 29.Rxg5+ Bxg5
30.Rxh8 Rxh8 31.Qxe6 Ne7 32.dxc5 Rc8 33.b4 Rc6 34.Qd7 a6 35.a4 Kf7 36.Qa7 Bf4
37.b5 axb5 38.axb5 Rc7 39.Qa3 Rc8  1/2-1/2

[Event "Mladi op"]
[Site "Litomysl"]
[Date "1997.10.23"]
[Round "2"]
[White "Rachela, Milan"]
[Black "Simacek, Pavel"]
[Result "0-1"]
[WhiteElo "2025"]
[BlackElo "2305"]

1.e4 g6 2.d4 Bg7 3.Nc3 c6 4.Be3 d5 5.f3 Nf6 6.e5 Nfd7 7.Qd2 e6 8.O-O-O h5
9.Nge2 b5 10.h4 Qa5 11.g4 b4 12.Nb1 Na6 13.gxh5 gxh5 14.Ng3 Qxa2 15.f4 Bf8
16.f5 Nb6 17.fxe6 Bxe6 18.b3 Nc7 19.Be2 Nb5 20.Bxb5 cxb5 21.Qe2 Rc8 22.Rh2 Qxb3
23.Rd3 Qa2  0-1

[Event "Loures"]
[Site "Loures"]
[Date "1997.10.26"]
[Round "6"]
[White "Carvalho, Alda"]
[Black "Dias, Paulo"]
[Result "0-1"]
[WhiteElo "2130"]
[BlackElo "2250"]

1.e4 g6 2.d4 Bg7 3.Nc3 c6 4.Bc4 d6 5.f4 Qb6 6.Nf3 d5 7.exd5 Bg4 8.O-O Nh6
9.dxc6 Bxf3 10.Rxf3 Bxd4+ 11.Kh1 Nxc6 12.Nd5 Qd8 13.Rd3 Bg7 14.Nf6+ Bxf6
15.Rxd8+ Rxd8 16.Qf1 O-O 17.Be3 b6 18.c3 Nf5 19.Bf2 Rd2 20.g4 Nd6 21.Be3 Rxb2
22.Bd5 Rc8 23.Qf3 Na5 24.Bd4 Bxd4 25.cxd4 Rcc2 26.Qg3 Nac4 27.f5 Rxh2+ 28.Qxh2 Rxh2+
29.Kxh2 Ne3 30.Bf3 gxf5 31.gxf5 Nexf5 32.d5 b5 33.Re1 Kg7 34.Be2 Nd4 35.Bd1 Kf6
36.Kg3 a5 37.Rh1 Ke5 38.Rxh7 Kxd5 39.Bh5 Ke6 40.Kf4 Nc2 41.Bf3 Nb4 42.Rh2 Nd5+
43.Bxd5+ Kxd5 44.Re2 e6 45.Rd2+ Kc5 46.Rc2+ Nc4 47.Ke4 f5+ 48.Kd3 e5 49.Rf2 f4
50.Rc2 Kd5  0-1

[Event "CZE-chT 9798"]
[Site "CZE"]
[Date "1997.11.16"]
[Round "2"]
[White "Hlavnicka, Jiri"]
[Black "Stratil, Ladislav Jr"]
[Result "1/2-1/2"]
[WhiteElo "2205"]
[BlackElo "2370"]

1.e4 g6 2.d4 Bg7 3.Nc3 c6 4.Bc4 d6 5.Nf3 e6 6.O-O Ne7 7.Re1 O-O 8.h3 b6 9.a4 Ba6
10.Qe2 Bxc4 11.Qxc4 h6 12.d5 cxd5 13.exd5 e5 14.a5 Nd7 15.Nb5 a6 16.Nxd6 b5
17.Qa2 Nc5 18.Ne4 Nxe4 19.Rxe4 Qxd5 20.Qxd5 Nxd5 21.Re2 Rfe8 22.c3 e4 23.Nd2 f5
24.Nb3 Rac8 25.Be3 b4 26.cxb4 Nxb4 27.Rd1 Nd3 28.Bd4 Rb8 29.Bxg7 Kxg7 30.Nc1 Red8
31.Nxd3 exd3 32.Red2 Rb3 33.f4 Rd5 34.Kf2 Rxa5 35.Rxd3 Rxb2+ 36.Kf3 h5 37.g4 hxg4+
38.hxg4 fxg4+ 39.Kxg4 Rb7 40.Rd7+ Rxd7 41.Rxd7+ Kf6 42.Rd6+ Kg7 43.Rb6 Ra4
44.Kg5 Ra5+ 45.Kg4 Ra1 46.f5 Rg1+ 47.Kf3 Rf1+ 48.Kg2 Rxf5 49.Rxa6 Rb5 50.Kg3 Kh6
51.Ra4 Kg5 52.Rc4 Rb3+ 53.Kg2 Kh5 54.Ra4 g5 55.Rc4 Ra3 56.Rb4 Ra2+ 57.Kg3 Ra3+
58.Kg2 Re3 59.Ra4 Re5 60.Kg3 Rc5 61.Rb4 Rc3+ 62.Kg2 g4 63.Rb8  1/2-1/2

[Event "AUT-chT3 9798"]
[Site "Vorarlberg "]
[Date "1997.11.21"]
[Round "4"]
[White "Kuemin, Simon"]
[Black "Heilinger, Dietmar"]
[Result "1-0"]
[WhiteElo "2200"]
[BlackElo "2200"]

1.d4 g6 2.e4 Bg7 3.Nc3 c6 4.Bc4 d6 5.Qe2 b5 6.Nxb5 e6 7.Nc3 Bxd4 8.Qd3 Bg7
9.Bf4 e5 10.Be3 Bf8 11.Nf3 h6 12.Nxe5 Rh7 13.Nxg6 fxg6 14.Bxg8 Rb7 15.Bb3 Qa5
16.O-O Rb4 17.a3 Rxb3 18.cxb3 Ba6 19.Qd2 Bxf1 20.Rxf1 Qh5 21.Bf4 Na6 22.b4 Nc7
23.Qe3 g5 24.Bg3 Ne6 25.Rd1 Bg7 26.Rxd6 Ke7 27.h3 Nf4 28.Qc5 Kf7 29.Bxf4 Bxc3
30.bxc3  1-0

[Event "Bayern-chI Bank Hofmann"]
[Site "Bad Wiessee"]
[Date "1997.11.22"]
[Round "8"]
[White "Graf, Christian"]
[Black "Koenig, Dietrich"]
[Result "1/2-1/2"]
[WhiteElo "2230"]
[BlackElo "2310"]

1.e4 g6 2.d4 Bg7 3.Nc3 c6 4.f4 d5 5.e5 h5 6.Nf3 Nh6 7.Be3 Bg4 8.Be2 Nf5 9.Bf2 e6
10.g3 h4 11.Nxh4 Bxe2 12.Nxe2 Nxh4 13.gxh4 Bf8 14.Ng1 Qb6 15.Qc1 c5 16.c3 Nc6
17.Nf3 cxd4 18.Bxd4 Nxd4 19.cxd4 Bb4+ 20.Kf2 Be7 21.Kg3 Kd7 22.Qc2 Rac8 23.Qa4+ Qc6
24.Qxc6+ bxc6 25.Rac1 c5 26.dxc5 Bxc5 27.Rc3 Rc6 28.Rhc1 Rhc8 29.Kg4 Be3
30.Rxc6 Rxc6 31.Rxc6 Kxc6 32.Ng5 d4 33.Kf3 Kd5 34.b3 Bc1 35.Ne4 d3 36.Nc3+ Kd4
37.Nb5+ Kc5 38.Nxa7 Bxf4 39.a4 Bxe5 40.Ke3 Bxh2 41.Kxd3 Bg3 42.b4+ Kb6 43.Nb5 Bxh4
44.Kc4 Bg3 45.a5+ Kb7 46.Nc3 f5 47.b5 Bf2 48.Na4 f4 49.Kd3 e5 50.Nb2 g5 51.Nc4 Bd4
52.a6+ Ka7 53.Nd2 g4 54.Ke4 g3 55.Kf3 Kb6 56.Nc4+ Kxb5 57.Nxe5 Kxa6 58.Nd3 Be3
59.Nb4+ Kb5 60.Nd5 Bd2 61.Nf6 Bc3 62.Ne4 Be5 63.Nd2 Kb4 64.Kg2 Kc3 65.Nf3 Bc7
66.Ng5 Kd3 67.Nf3 Ke3 68.Ng5 Bd6 69.Nf3 Be7 70.Ng1 Bf6 71.Nf3  1/2-1/2

[Event "Bayern-chI Bank Hofmann"]
[Site "Bad Wiessee"]
[Date "1997.11.23"]
[Round "9"]
[White "Ponater, Michael"]
[Black "Goy, Udo"]
[Result "0-1"]
[WhiteElo "2210"]
[BlackElo "2190"]

1.e4 g6 2.Nc3 Bg7 3.d4 c6 4.Be2 d5 5.exd5 cxd5 6.Bf4 Nf6 7.Qd2 O-O 8.Nf3 Nc6
9.Ne5 Qb6 10.Nxc6 bxc6 11.Na4 Qd8 12.Nc5 Nd7 13.Nxd7 Bxd7 14.O-O Re8 15.Bf3 Qb6
16.c3 a5 17.Rfe1 Ra7 18.Re2 Rb7 19.Rae1 e6 20.h4 Rc8 21.Bd6 Qd8 22.h5 Bf8
23.Bxf8 Qxf8 24.Qf4 a4 25.g3 Rcb8 26.Rb1 Qe7 27.hxg6 hxg6 28.Qh6 Qf6 29.Kg2 Qg7
30.Qxg7+ Kxg7 31.g4 Rb5 32.Rd2 c5 33.Bd1 a3 34.b3 cxd4 35.Rxd4 Rc5 36.Rc1 e5
37.Rd2 Rbc8 38.c4 Be6 39.Rdc2 dxc4 40.bxc4 Rxc4 41.Rxc4 Rxc4 42.Rb1 Rd4 43.Bb3 Rxg4+
44.Kf3 Rb4  0-1

[Event "Bayern-chI Bank Hofmann"]
[Site "Bad Wiessee"]
[Date "1997.11.23"]
[Round "9"]
[White "Kasimdzhanov, Rustam"]
[Black "Iordachescu, Viorel"]
[Result "1-0"]
[WhiteElo "2545"]
[BlackElo "2500"]

1.e4 g6 2.d4 Bg7 3.Nc3 c6 4.Nf3 d6 5.Bc4 Nf6 6.Bb3 O-O 7.O-O Bg4 8.h3 Bxf3
9.Qxf3 Nbd7 10.Bg5 Qc7 11.Rfe1 e6 12.Rad1 a6 13.Qg3 b5 14.a3 Rac8 15.Qh4 Rfe8
16.f4 c5 17.dxc5 Qxc5+ 18.Kh1 Qc6 19.f5 Kh8 20.Qf4 gxf5 21.exf5 d5 22.Qh4 a5
23.a4 b4 24.Nb5 Qb6 25.fxe6 fxe6 26.c4 bxc3 27.bxc3 Rf8 28.Bc2 e5 29.Rxd5 e4
30.Rd6 Qb7 31.Re6 Rc6 32.R6xe4 Nxe4 33.Bxe4 Nf6 34.Bxc6 Qxc6 35.Bh6 Bxh6
36.Qxh6 Rg8 37.Re2 Qb6 38.Qe3 Qb7 39.Qd4 Rg6 40.Rf2 Kg7 41.Nd6 Qb1+ 42.Kh2 Qb8
43.Qe5  1-0

[Event "Rishon Le Ziyyon 9798"]
[Site "Rishon Le Ziyyon"]
[Date "1997.12.26"]
[Round "2"]
[White "Kogan, Artur"]
[Black "Kataev, Simcho"]
[Result "1-0"]
[WhiteElo "2500"]
[BlackElo "2310"]

1.e4 g6 2.d4 Bg7 3.Nc3 c6 4.Bc4 b5 5.Bb3 b4 6.Qf3 e6 7.Nce2 Ne7 8.Bg5 d5
9.exd5 exd5 10.Bf6 Bxf6 11.Qxf6 O-O 12.a3 Nd7 13.Qh4 bxa3 14.Rxa3 a5 15.Nf3 Ba6
16.Ng5 Nf6 17.Ng3 Kg7 18.Kd1 Bc8 19.Qf4 Nf5 20.Kc1 Re8 21.Ba4 Qb6 22.Rb3 Qa6
23.Rc3 Ne7 24.h4 h5 25.Re1 Bd7 26.Rce3 Nf5 27.Nxf5+ Bxf5 28.Qc7 Ra7 29.Qxc6 Rxe3
30.fxe3 Qxc6 31.Bxc6 Rc7 32.Ba4 Ng4 33.Kd2 f6 34.Nh3 Be4 35.Nf4 Kh6 36.Bb3 Rd7
37.g3 g5 38.Ne6 Re7 39.Nc5 Nh2 40.Ke2 gxh4 41.gxh4 Nf3 42.Nxe4 dxe4 43.Rh1 Rg7
44.Kf2 f5 45.d5 Kg6 46.d6 Kf6 47.Rd1 Ne5 48.Rd5 Ng4+ 49.Ke2 Ne5 50.Kf2 Ng4+
51.Ke2 Ne5 52.Ba4 Rg2+ 53.Kf1 Rg8 54.d7 Rd8 55.Rxa5 Nc4 56.Ra6+ Ke5 57.Ke2 f4
58.exf4+ Kxf4 59.Bc6  1-0

[Event "Rishon Le Ziyyon 9798"]
[Site "Rishon Le Ziyyon"]
[Date "1997.12.29"]
[Round "5"]
[White "Rinberg, Alexander"]
[Black "Kataev, Simcho"]
[Result "0-1"]
[WhiteElo "2260"]
[BlackElo "2310"]

1.e4 g6 2.d4 Bg7 3.Nc3 c6 4.Nf3 d5 5.e5 h5 6.h3 Bf5 7.Be2 Nd7 8.O-O Qc7 9.Bf4 Nf8
10.Bh2 e6 11.Bf4 Nh7 12.Qd2 Qe7 13.Rab1 f6 14.Nh4 fxe5 15.Nxf5 gxf5 16.Bxh5+ Kd7
17.dxe5 Qh4 18.Be2 Bh6 19.Bxh6 Nxh6 20.f4 Rag8 21.Rf3 Nf7 22.Kh2 Nhg5 23.fxg5 Nxe5
24.Rxf5 exf5 25.Nxd5 Rxg5 26.Nf4+ Kc8 27.Rd1 Qf2 28.Rg1  0-1

[Event "Ambasador op"]
[Site "Bern"]
[Date "1997.12.??"]
[Round "2"]
[White "Gallagher, Joseph G"]
[Black "Baerenfaller, Beat"]
[Result "1-0"]
[WhiteElo "2521"]
[BlackElo "1996"]

1.e4 g6 2.d4 Bg7 3.Nc3 c6 4.f4 d5 5.e5 h5 6.Nf3 Nh6 7.Be3 Bg4 8.h3 Bxf3 9.Qxf3 Nf5
10.Bf2 h4 11.Bd3 e6 12.O-O Bf8 13.Ne2 Nd7 14.b3 Be7 15.c4 a6 16.Rfc1 Rc8
17.Kh2 Nb6 18.c5 Na8 19.b4 Nc7 20.a4 Kd7 21.b5 axb5 22.axb5 Ra8 23.Nc3 cxb5
24.Nxb5 Na6 25.Nd6 Bxd6 26.Bb5+ Ke7 27.exd6+ Nxd6 28.cxd6+ Qxd6 29.Qg4 Kf6
30.Bxh4+ Kg7 31.Bg3 Qb4 32.Bxa6 Rxa6 33.Rxa6 bxa6 34.f5  1-0

[Event "Viking op"]
[Site "Aaland-Stockholm"]
[Date "1997.??.??"]
[Round "?"]
[White "Plachetka, Jan"]
[Black "Rubene, Ilze"]
[Result "1-0"]
[WhiteElo "2445"]
[BlackElo "2180"]

1.e4 g6 2.d4 Bg7 3.Nc3 c6 4.Nf3 d5 5.h3 Nf6 6.e5 Ne4 7.Bd3 Nxc3 8.bxc3 O-O
9.c4 dxc4 10.Bxc4 c5 11.c3 Qa5 12.Bd2 Nc6 13.O-O Qc7 14.Qe2 b6 15.Bf4 Na5
16.Bd5 Bb7 17.Bxb7 Nxb7 18.d5 c4 19.Rad1 b5 20.Nd4 Qc5 21.Nc6 Rfe8 22.Qb2 e6
23.Be3 Qf8 24.Qxb5  1-0

[Event "Viking op"]
[Site "Aaland-Stockholm"]
[Date "1997.??.??"]
[Round "?"]
[White "Rubene, Ilze"]
[Black "Ivanov, Mikhail M"]
[Result "1/2-1/2"]
[WhiteElo "2180"]
[BlackElo "2445"]

1.d4 g6 2.e4 Bg7 3.Nc3 c6 4.Be3 Qb6 5.Rb1 d6 6.h3 Qc7 7.Nge2 b5 8.Qd2 Nd7
9.g4 b4 10.Nd1 c5 11.Bg2 Bb7 12.O-O h5 13.g5 e6 14.b3 Ne7 15.c4 a5 16.Nb2 e5
17.d5 Nc8 18.Nd3 Ncb6 19.h4 a4 20.Bh3 Bc8 21.f3 axb3 22.axb3 Ra3 23.Qc2 Qa7
24.Bc1 Ra6 25.Bb2 O-O 26.Nf2 Nb8 27.Bxc8 Nxc8 28.Ra1 Nd7 29.Rxa6 Qxa6 30.Ng3 Ncb6
31.Ra1 Qb7 32.Qe2 Ra8 33.Qd1 f6 34.Rxa8+ Qxa8 35.Qa1 Qxa1+ 36.Bxa1 fxg5 37.hxg5 Nf8
38.Bb2 Nh7 39.Bc1 Bf8 40.Nh3 Be7  1/2-1/2

[Event "Skolernes Skakklub op"]
[Site "Aarhus"]
[Date "1997.??.??"]
[Round "7"]
[White "Christensen, Jan"]
[Black "Jacobsen, Bo"]
[Result "0-1"]
[WhiteElo "2200"]
[BlackElo "2255"]

1.e4 g6 2.d4 Bg7 3.Nc3 c6 4.Be3 d6 5.Qd2 b5 6.Bd3 Qc7 7.Nge2 Nd7 8.O-O a6
9.Nd1 Bb7 10.f4 c5 11.c3 Ngf6 12.Nf2 Nb6 13.Ng3 h5 14.Rac1 h4 15.Ne2 c4 16.Bb1 d5
17.e5 Ne4 18.Nxe4 dxe4 19.f5 gxf5 20.Rxf5 e6 21.Rf2 O-O-O 22.Bg5 Bxe5 23.Bxd8 Bxh2+
24.Kh1 Rxd8 25.Rcf1 f5 26.Nf4 Bxf4 27.Qxf4 Qg7 28.Qe5 Qxe5 29.dxe5 Nd5 30.Re2 Rg8
31.Kh2 Rg3 32.Bxe4 fxe4 33.Rxe4 Ne3 34.Rf8+ Kc7 35.Rxh4 Rxg2+ 36.Kh3 Bd5
37.b4 cxb3 38.axb3 Rg7 39.b4 Nc4 40.Rh5 Bg2+ 41.Kh4 Be4 42.Rf2 Bf5 43.Rfxf5 exf5
44.Rxf5 Re7 45.Rf6 Nb6  0-1

[Event "Ankara"]
[Site "Ankara"]
[Date "1997.??.??"]
[Round "3"]
[White "Vasiukov, Evgeni"]
[Black "Arduman, Can"]
[Result "1-0"]
[WhiteElo "2495"]
[BlackElo "2405"]

1.e4 g6 2.d4 Bg7 3.Nc3 c6 4.Nf3 d6 5.Bc4 b5 6.Bb3 b4 7.Ne2 Nf6 8.e5 Nd5 9.Nf4 e6
10.O-O Nd7 11.Nxd5 cxd5 12.Bg5 Qb6 13.Ba4 dxe5 14.dxe5 O-O 15.Bxd7 Bxd7 16.Re1 Rfc8
17.b3 a5 18.Qd2 Rc3 19.Nd4 Qc7 20.Bf6 a4 21.h4 h5 22.Qg5 Kh7 23.Bxg7 Kxg7
24.Qf6+ Kg8 25.Rad1 Qd8 26.Kh2 Qxf6 27.exf6 Kh7 28.f3 Rac8 29.Rd2 Rg8 30.Re5 Kh6
31.f4 Ra8 32.Re1 axb3 33.axb3 Ra2 34.Kg1 Kh7 35.Kf2 Kg8 36.Re3 Rc5 37.Re1 Kf8
38.Red1 Rca5 39.Ke3 Be8 40.Rc1 Bd7 41.Rdd1 Ke8 42.Nf3 Rc5 43.Ne1 Rc3+ 44.Kd4 Ra8
45.Ra1 Rb8 46.Ra7 Kd8 47.Rda1 Rc7 48.Rxc7 Kxc7 49.Ra7+ Kd8 50.Nd3 Be8 51.Nc5  1-0

[Event "Ano Liosia op"]
[Site "Ano Liosia"]
[Date "1997.??.??"]
[Round "2"]
[White "Georgiev, Krum"]
[Black "Koerant, Filipos"]
[Result "1-0"]
[WhiteElo "2490"]
[BlackElo "2150"]

1.e4 g6 2.d4 Bg7 3.Nc3 c6 4.Bc4 d6 5.f4 e6 6.Bb3 d5 7.Nf3 Nf6 8.e5 Ng8 9.Be3 h5
10.Bf2 Nh6 11.Bh4 Qa5 12.Qd2 Nf5 13.Bg5 c5 14.dxc5 Qxc5 15.Ne4 Qc7 16.Nf6+ Kf8
17.Qb4+ Ne7 18.Bxd5 Na6 19.Qa3 Qxc2 20.Be4 Qc5 21.Qxc5 Nxc5 22.O-O-O Nd5
23.Bxd5 exd5 24.Rxd5 Ne6 25.Rhd1 Nxg5 26.Nxg5 Bg4 27.Rd7 Rc8+ 28.Kb1 Bf5+
29.Nfe4 Bh6 30.Rxf7+ Kg8 31.Rdd7 Bxg5 32.Rg7+ Kf8 33.Rdf7+ Ke8 34.Rxf5 gxf5
35.Nd6+ Kf8 36.Rf7+ Kg8 37.fxg5 Rf8 38.e6 h4 39.e7 Re8 40.g6  1-0

[Event "BEL-chT 9798"]
[Site "Antwerp"]
[Date "1997.??.??"]
[Round "5"]
[White "Thirion, Marcel"]
[Black "Thoeng, Paulus"]
[Result "1-0"]
[WhiteElo "2200"]
[BlackElo "2285"]

1.e4 g6 2.d4 Bg7 3.Nc3 c6 4.f4 d5 5.e5 Nh6 6.h3 f6 7.Nf3 O-O 8.Bd3 Na6 9.Bxa6 bxa6
10.Na4 Qa5+ 11.c3 Nf5 12.O-O Ng3 13.Re1 Ne4 14.Nd2 Nxd2 15.Bxd2 fxe5 16.fxe5 Qb5
17.b3 Qd3 18.Re3 Qb5 19.Nc5 a5 20.a4 Qb6 21.e6 Rb8 22.Rf3 Bf6 23.Bh6 Re8
24.Qd3 Qd8 25.Rb1 Kh8 26.g4 Rg8 27.g5 Bg7 28.Bxg7+ Kxg7 29.Rf7+ Kh8 30.Qg3  1-0

[Event "BEL-chT 9798"]
[Site "Antwerp"]
[Date "1997.??.??"]
[Round "6"]
[White "Micic, Snezana"]
[Black "De Bruycker, Bernard"]
[Result "0-1"]
[WhiteElo "2210"]
[BlackElo "2115"]

1.e4 g6 2.d4 Bg7 3.Nc3 c6 4.Nf3 d5 5.h3 Nf6 6.exd5 cxd5 7.Bb5+ Bd7 8.Bd3 Bc6
9.Ne5 Qb6 10.O-O O-O 11.Ne2 Nfd7 12.Nxc6 bxc6 13.c3 e5 14.dxe5 Nxe5 15.Bc2 Nbd7
16.b3 f5 17.Be3 Qb7 18.Qd2 Rae8 19.Rad1 Kh8 20.Rfe1 Nf6 21.Bc5 Rg8 22.f3 Nh5
23.Bd4 Qc7 24.b4 Nc4 25.Qg5 f4 26.Bxg7+ Rxg7 27.g4 fxg3 28.Nd4 Ree7 29.Rxe7 Qxe7
30.Qxe7 Rxe7 31.Nxc6 Re3 32.Nd4 Nf4 33.h4 Rxc3 34.Bb3 Nh3+ 35.Kg2 Ne3+ 36.Kxh3 Nxd1
37.Kxg3 Ne3 38.Kf4 Nc4 39.Ne2 Rd3 40.Kg3 Nd2 41.Kg2 Nxb3  0-1

[Event "Arco di Trento op2"]
[Site "Arco di Trento"]
[Date "1997.??.??"]
[Round "1"]
[White "Drei, Andrea"]
[Black "Di Lazzaro, Gabriele"]
[Result "1-0"]
[WhiteElo "2305"]
[BlackElo "2095"]

1.e4 g6 2.d4 Bg7 3.Nc3 c6 4.Nf3 d6 5.a4 Nf6 6.h3 O-O 7.Be3 Qc7 8.Qd2 e5 9.dxe5 dxe5
10.Rd1 b6 11.Bc4 Ba6 12.Qe2 Bxc4 13.Qxc4 Nbd7 14.Nb5 Qb8 15.Nd6 Qc7 16.Ng5 Nb8
17.f4 exf4 18.Bxf4 Nh5 19.Ndxf7 Bc3+ 20.Qxc3  1-0

[Event "Asti op"]
[Site "Asti"]
[Date "1997.??.??"]
[Round "?"]
[White "Rossi, Carlo"]
[Black "Nurkic, Sahbaz"]
[Result "1/2-1/2"]
[WhiteElo "2320"]
[BlackElo "2395"]

1.e4 g6 2.d4 Bg7 3.Nc3 c6 4.Bc4 d5 5.exd5 b5 6.Bb3 b4 7.Nce2 cxd5 8.Bd2 a5
9.a3 bxa3 10.Rxa3 Nf6 11.Qa1 Nc6 12.Ba4 Bd7 13.Bxc6 Bxc6 14.Rxa5 O-O 15.Rxa8 Bxa8
16.Nf3 Qc8 17.c3 Qc4 18.Qd1 Qa2 19.Bc1 Bc6 20.O-O Ba4 21.Qd3 Rb8 22.Qa6 Qc4
23.Qa7 Nd7 24.Nf4 Bb5 25.Re1 e6 26.Ne5 Bxe5 27.dxe5 Qc5 28.Qa1 Bc4 29.Be3 Qb5
30.b4 Nxe5 31.Bd4 Nc6 32.Bf6 d4 33.cxd4 Qf5 34.d5 exd5 35.b5 Bxb5 36.g3 d4
37.Bxd4 Nxd4 38.Qxd4 Bc6 39.h4 Rb1 40.Qd8+ Kg7 41.Qd4+  1/2-1/2

[Event "Asti op"]
[Site "Asti"]
[Date "1997.??.??"]
[Round "?"]
[White "Spinelli, Doriano"]
[Black "Nurkic, Sahbaz"]
[Result "0-1"]
[WhiteElo "2200"]
[BlackElo "2395"]

1.e4 g6 2.d4 Bg7 3.Nc3 c6 4.Bc4 d5 5.exd5 b5 6.Bb3 b4 7.Na4 cxd5 8.Nf3 Nf6
9.O-O O-O 10.a3 bxa3 11.Rxa3 Ne4 12.Re1 Bb7 13.Ng5 Nd6 14.Nc5 Bc6 15.c3 Nd7
16.Nd3 Nc4 17.Ra1 h6 18.Nf3 a5 19.Bc2 Bb5 20.b3 Nd6 21.Nde5 Rc8 22.Bd2 Nf6
23.c4 dxc4 24.Bxa5 Qe8 25.bxc4 Nxc4 26.Nxc4 Bxc4 27.Ba4 Bb5 28.Bb3 Kh7 29.Qd2 Rb8
30.Ra3 Rb7 31.Qa2 Bc6 32.Bc4 e6 33.Ne5 Bd5 34.Bd2 Bxc4 35.Qxc4 Qc8 36.Qa2 Nd5
37.Rh3 Qa8 38.Qc2 Rc8 39.Qe4 Nf6 40.Qd3 Qa2 41.g4 Qc2 42.g5 Qxd3 43.Rxd3 hxg5
44.Bxg5 Nd5 45.Ng4 Rb4 46.Be3 Rcc4 47.Ne5 Bxe5 48.dxe5 Re4 49.Bd2 Rxe1+ 50.Bxe1 Re4
51.Bc3 Nf4 52.Rf3 Ra4 53.h3 Kg7 54.Bd2 Nd5 55.Bg5 Re4 56.Bf6+ Nxf6 57.exf6+ Kh6
58.Kg2 Kg5 59.Kg3 Rd4 60.Ra3 Kxf6 61.Ra6 Kg5 62.Ra7 f5 63.Ra5 Rd3+ 64.Kg2 Rd5
65.Ra3 e5 66.Rg3+ Kh5 67.Ra3 e4 68.Ra4 Rd3 69.Ra8 Kg5 70.Re8 Kf4 71.Re6 g5
72.Re8 Rd2 73.Re7 Re2 74.Ra7 e3 75.Ra4+ Ke5 76.Ra5+ Kf6 77.Ra6+ Kg7 78.Kf3 Rxf2+
79.Kxe3 Rh2 80.Kd4 Rxh3 81.Ke5 Rf3 82.Ra7+ Kg6 83.Ra6+ Kh5 84.Ra8 g4 85.Rh8+ Kg5
86.Rg8+ Kh4 87.Rh8+ Kg3  0-1

[Event "Asti op"]
[Site "Asti"]
[Date "1997.??.??"]
[Round "?"]
[White "Korneev, Oleg"]
[Black "Nurkic, Sahbaz"]
[Result "1/2-1/2"]
[WhiteElo "2590"]
[BlackElo "2395"]

1.e4 g6 2.d4 Bg7 3.Nc3 c6 4.f4 d5 5.e5 h5 6.Be3 Nh6 7.h3 Nf5 8.Bf2 h4 9.Nf3 e6
10.Bd3 Bf8 11.O-O Be7 12.Qe2 Kf8 13.Nd1 Kg7 14.Ne3 Nd7 15.b3 b6 16.Kh2 c5
17.Nxf5+ gxf5 18.Rad1 Nf8 19.c4 Bb7 20.dxc5 bxc5 21.cxd5 Bxd5 22.Bc4 Bxc4
23.Qxc4 Qa5 24.Qc2 Ng6 25.Be3 Rhd8 26.Nd2 Kg8 27.Nc4 Qc7 28.Qf2 Qc6 29.Nd6 Bxd6
30.Rxd6 Rxd6 31.exd6 Qxd6 32.Bxc5 Qc7 33.b4 Rd8 34.Bxa7 Qc3 35.b5 Rd2 36.Qf3 Qxf3
37.Rxf3 Rxa2 38.b6 Rb2 39.Rd3 Kf8 40.Rd7 Ke8 41.Rc7 Kd8 42.Rxf7 Ne7 43.Rh7 Nc8
44.Rxh4 Nxb6 45.Rh8+ Kd7 46.Rb8 Nc4 47.Rxb2 Nxb2 48.Bd4 Nd3 49.Kg3 Ke8 50.Bc3 Kf7
51.Kf3 Nc5 52.Ke3 Ne4 53.Kd4 Nf6 54.Ke5 Nd5 55.Bd2 Nb6 56.Kd4 Nd5 57.Ke5 Nb6
58.Be3 Nd7+ 59.Kd6 Nf6 60.Bd4 Ne4+ 61.Kd7 Ng3 62.Bf2 Ne4 63.Be1 Nc5+ 64.Kd6 Nd3
65.Bg3 Nb2 66.Bf2 Nd3 67.Be3 Nb4 68.g3 Nd5 69.Bd4 Ne7 70.h4 Ng8 71.h5 Nh6
72.Bb6 Ng4 73.Bd4 Nh6 74.Kd7 Ng4 75.Bc3 Nh6 76.Ba5 Ng4 77.Bd8 Nf2  1/2-1/2

[Event "AUT-chT2W 9798"]
[Site "Austria"]
[Date "1997.??.??"]
[Round "1"]
[White "Lawitsch, Guenther"]
[Black "Kleissl, Helmut"]
[Result "1/2-1/2"]
[WhiteElo "2300"]
[BlackElo "2275"]

1.e4 g6 2.d4 Bg7 3.Nc3 c6 4.f4 d5 5.e5 h5 6.Nf3 Bg4 7.Be2 Nh6 8.Be3 Nf5 9.Bf2 e6
10.h3 Bxf3 11.Bxf3 h4 12.O-O Nd7 13.Ne2 Bf8 14.Kh2 Be7 15.Qd3 Qb6 16.b3 a5
17.c4 Qa6 18.Nc3 Nb6 19.Be2 Bb4 20.a3 Bxc3 21.Qxc3 a4 22.Rfe1 axb3 23.c5 Nc4
24.Qxb3 Qa5 25.Qxb7 O-O 26.Qb4 Nxa3 27.Qxa5 Rxa5 28.Ra2 Rfa8 29.Rea1 R5a7
30.Bd3 Nb5 31.Rxa7 Rxa7 32.Rxa7 Nxa7 33.Bxf5 exf5 34.Bxh4 Nb5 35.Bf2 f6 36.exf6 Kf7
37.Be3 Kxf6 38.Kg3 Nc3 39.Kf3 Nb5 40.Ke2 Nc7 41.Kd3 Nb5 42.Kd2 Kf7 43.Kd3 Na3
44.Bd2 Kf6 45.Ba5 Ke6 46.Bc7 Kf7 47.Be5 Kg8 48.g4 Kh7 49.Ke2 Nc4 50.Bf6 Kh6
51.Bh4 Na3 52.Kf3 Nb5 53.Bf2 Kg7 54.Be3 Kf6 55.Bg1 Kf7  1/2-1/2

[Event "AUT-chT2W 9798"]
[Site "Austria"]
[Date "1997.??.??"]
[Round "2"]
[White "Maier, Peter"]
[Black "Heilinger, Dietmar"]
[Result "1/2-1/2"]
[WhiteElo "2180"]
[BlackElo "2200"]

1.e4 g6 2.d4 Bg7 3.Nc3 c6 4.g3 d5 5.exd5 cxd5 6.Bg2 Nc6 7.Nf3 Bg4 8.Ne2 e6
9.O-O Nge7 10.h3 Bxf3 11.Bxf3 Nf5 12.c3 O-O 13.h4 h6 14.Nf4 Re8 15.Bg4 Nd6
16.Bf3 Rc8 17.Nd3 Nc4 18.Bf4 g5 19.hxg5 hxg5  1/2-1/2

[Event "AUT-chT2W 9798"]
[Site "Austria"]
[Date "1997.??.??"]
[Round "5"]
[White "Sucher, Johannes"]
[Black "Kleissl, Helmut"]
[Result "1-0"]
[WhiteElo "2125"]
[BlackElo "2275"]

1.e4 g6 2.d4 Bg7 3.Nc3 c6 4.Bc4 d5 5.exd5 b5 6.Bb3 b4 7.dxc6 bxc3 8.Qf3 Nf6
9.c7 Qxc7 10.Qxa8 O-O 11.Qf3 Bb7 12.Qh3 e5 13.Ne2 exd4 14.bxc3 Re8 15.cxd4 Nd5
16.Qd3 Nb4 17.Qb5 N8c6 18.Be3 Ba6 19.Qa4 Qc8 20.c3 Nd3+ 21.Kd2 Nxf2 22.Bxf7+ Kxf7
23.Rhf1 Kg8 24.Rxf2 Qe6 25.Rf3 Bxe2 26.Kxe2 Bh6 27.Qb3  1-0

[Event "AUT-chT2W 9697"]
[Site "Austria"]
[Date "1997.??.??"]
[Round "7"]
[White "Grabher, Heinz"]
[Black "Kleissl, Helmut"]
[Result "1/2-1/2"]
[WhiteElo "2260"]
[BlackElo "2240"]

1.e4 g6 2.d4 Bg7 3.Nc3 c6 4.Bc4 d5 5.exd5 b5 6.Bb3 b4 7.Nce2 cxd5 8.Nf4 Nf6
9.Nf3 O-O 10.O-O Bg4 11.a3 bxa3 12.Rxa3 Nc6 13.Ba4 Na5 14.h3 Bxf3 15.Rxf3 Rc8
16.Re1 Ne4 17.Ra3 e6 18.c3 Nc4 19.Ra1 Qb6 20.Nd3 h6 21.Bc2 Rfd8 22.Qg4 e5
23.b3 f5 24.Qh4 Ncd6 25.dxe5 g5 26.Qh5 Rxc3 27.exd6 Rxc2 28.Be3 d4 29.Bxg5 hxg5
30.d7 Kf8 31.f3 Rd2 32.fxe4 Rxd3 33.Rf1 f4 34.Qxg5 f3 35.Ra6 Qc7 36.Rxa7 Qb6
37.Ra6 Qc7 38.Qf5+ Kg8 39.Qe6+ Kf8 40.Qf5+ Kg8 41.Qd5+ Kf8 42.Rd6 Re3 43.h4 d3
44.h5 d2 45.Qxd2 Qc5 46.Qd5 Qxd5 47.Rxd5 Rxe4 48.Rxf3+ Ke7 49.Rfd3 Be5 50.b4 Ke6
51.b5 Re2 52.Rd1 Bc7 53.R1d2 Rxd2 54.Rxd2 Bd6 55.g4 Rxd7 56.Kg2 Ra7 57.Rd3 Ra4
58.Kh3 Rb4 59.Rf3 Rxb5  1/2-1/2

[Event "AUT-chT9697"]
[Site "Austria"]
[Date "1997.??.??"]
[Round "9"]
[White "Janetschek, Karl"]
[Black "Fahrner, Kurt"]
[Result "1/2-1/2"]
[WhiteElo "2500"]
[BlackElo "2500"]

1.e4 g6 2.d4 Bg7 3.Nc3 c6 4.Nf3 d5 5.h3 dxe4 6.Nxe4 Nf6 7.Nxf6+ exf6 8.Bc4 O-O
9.O-O Nd7 10.Bd2 Nb6 11.Bb3 Bf5 12.Re1 Re8 13.Rxe8+ Qxe8 14.Qf1 Qd7 15.Re1 Re8
16.Rxe8+ Qxe8 17.a4 Bf8 18.a5 Nd5 19.c4 Nc7 20.Qe1 Qd7 21.Qe3 b5 22.axb6 axb6
23.Bd1 Ne8 24.Bc3 b5 25.b3 Nd6 26.Nd2 Be6 27.Be2 Bg7 28.Ne4 Nxe4 29.Qxe4 bxc4
30.bxc4 f5 31.Qd3 Qb7 32.Bd2 Qd7 33.Bc3 Qb7 34.d5 Bxc3 35.dxe6 Bf6 36.Qd7 Qxd7
37.exd7 Kf8 38.Bf3 c5 39.Kf1 Ke7 40.Bc6 Kd6 41.Bb5 Kc7  1/2-1/2

[Event "AUT-chT2S 9697"]
[Site "Austria"]
[Date "1997.??.??"]
[Round "10"]
[White "Wittmann, Walter"]
[Black "Wegerer, Fred"]
[Result "1-0"]
[WhiteElo "2370"]
[BlackElo "2320"]

1.e4 g6 2.d4 Bg7 3.Nc3 c6 4.f4 d5 5.e5 Nh6 6.Nf3 f6 7.Be2 O-O 8.Be3 b5 9.Qd2 Nd7
10.h3 Nb6 11.b3 Nf7 12.O-O a5 13.Rac1 a4 14.Nd1 Bf5 15.Nf2 Qd7 16.Nd3 Bxd3
17.Bxd3 Ra6 18.Qf2 f5 19.Bd2 axb3 20.axb3 Rfa8 21.Bb4 e6 22.Qh4 Bf8 23.Bc5 Qd8
24.Qe1 Bxc5 25.dxc5 Nd7 26.b4 Qe7 27.Qe3 Kh8 28.Kh1 Ra3 29.g4 Rc3 30.gxf5 gxf5
31.Rg1 Nf8 32.Rg3 Ng6 33.Rcg1 Raa3 34.Nd4 Nd8 35.Rg5 Rc4 36.Qg3 Qg7 37.Nf3 Nf7
38.Rh5 Rxf4 39.Ng5 Nxg5 40.Qxg5 Rf3 41.Qxg6 Qxg6 42.Rxg6 Rf2 43.Rhh6 Ra4
44.Rg2 Rf3 45.Rxe6  1-0